| 000 | 00655nam a22002417a 4500 | ||
|---|---|---|---|
| 003 | Ost | ||
| 005 | 20260318024423.0 | ||
| 008 | 260318b |||||||| |||| 00| 0 eng d | ||
| 020 | _a9780470974094 | ||
| 040 | _cBT-PhCST | ||
| 050 | _a25821-25822 | ||
| 082 |
_222 _a621.3 _bEKA |
||
| 100 | _aEkanayake, Janaka ...[et al.]. | ||
| 245 | _aSmart grid technology and applications / | ||
| 260 |
_aIndia : _bWiley and Sons, _cc2012. |
||
| 300 |
_axxi, 283 p. : _bill. ; _c23 cm. |
||
| 500 | _aIncludes index. | ||
| 700 | _aLiyanage, Kithsiri. | ||
| 700 | _aWu, Jianzhong. | ||
| 700 | _aYokoyama, Akihiko. | ||
| 700 | _aJenkins, Nick. | ||
| 942 |
_2ddc _cEE |
||
| 999 |
_c10217 _d10217 |
||